00473 2200157 4500001002100000008004100021035002000062245002600082100001700108260003900125300002100164020002200185082001000207650008500217990001300302INLIS000000000000317 ind  a0010-0423000317 aTHE AMATEUR CRACKSMAN aE.W. HORNUNG aJAKARTA SELATANbGAGAS MEDIAc2012 a252 hlm.c20 cm. a978-979-780-601-9 a741.5 aCARTOONS, CARICATURES, COMICS ( CARTOON FICTION, GRAPHIC NOVEL(VISUAL NOVELS ) ) a102711-1